| 000 -LEADER |
| fixed length control field |
01656cam a2200241 a 4500 |
| 003 - CONTROL NUMBER IDENTIFIER |
| control field |
OSt |
| 005 - DATE AND TIME OF LATEST TRANSACTION |
| control field |
20200316130159.0 |
| 008 - FIXED-LENGTH DATA ELEMENTS--GENERAL INFORMATION |
| fixed length control field |
100303s2010 nyua b 000 0 eng |
| 020 ## - INTERNATIONAL STANDARD BOOK NUMBER |
| International Standard Book Number |
9781568988245 (alk. paper) |
| 040 ## - CATALOGING SOURCE |
| Original cataloging agency |
DLC |
| Transcribing agency |
DLC |
| Modifying agency |
YDX |
| -- |
BTCTA |
| -- |
YDXCP |
| -- |
TOH |
| -- |
UKMGB |
| -- |
CDX |
| -- |
DLC |
| 082 00 - DEWEY DECIMAL CLASSIFICATION NUMBER |
| Classification number |
307.1/216 |
| Edition number |
22 |
| Item number |
ALE |
| 100 1# - MAIN ENTRY--PERSONAL NAME |
| Personal name |
Hooghe, Alexander d', |
| Dates associated with a name |
1973- |
| 245 14 - TITLE STATEMENT |
| Title |
The liberal monument : |
| Remainder of title |
urban design and the late modern project / |
| Statement of responsibility, etc |
Alexander D'Hooghe. |
| 246 30 - VARYING FORM OF TITLE |
| Title proper/short title |
Urban design and the late modern project |
| 250 ## - EDITION STATEMENT |
| Edition statement |
1st ed. |
| 260 ## - PUBLICATION, DISTRIBUTION, ETC. (IMPRINT) |
| Place of publication, distribution, etc |
New York : |
| Name of publisher, distributor, etc |
Princeton Architectural Press ; |
| Place of publication, distribution, etc |
Rotterdam : |
| Name of publisher, distributor, etc |
Berlage Institute, |
| Date of publication, distribution, etc |
c2010. |
| 300 ## - PHYSICAL DESCRIPTION |
| Extent |
112 p. : |
| Other physical details |
ill. ; |
| Dimensions |
24 cm. |
| 504 ## - BIBLIOGRAPHY, ETC. NOTE |
| Bibliography, etc |
Includes bibliographical references. |
| 505 0# - FORMATTED CONTENTS NOTE |
| Formatted contents note |
The liberal monument -- Group -- Protagonists -- Urban design -- Centers of resistance -- Liberalism as formalism -- Not program but flow between programs -- Sprawl -- The core -- Sert's core -- Polynuclearity -- Organizing distances -- A formal template for the core -- Empty space -- Platform -- Shattering and regrouping -- Maki's "master form" -- Moving beyond the totalizing ambitions of urban planning design --The "not yet" form -- Liberalism -- A romantic conception of the public -- Romantic pluralism -- Empathy -- Acropolis -- Aesthetic theory of the monument -- Symbolic form in architecture -- Giedion's symbolic forms -- Sert's symbolic forms -- Louis Kahn's symbolic forms -- A liberal monument for the new American century? -- The conversation (that never took place). |
| 650 #0 - SUBJECT ADDED ENTRY--TOPICAL TERM |
| Topical term or geographic name as entry element |
City planning |
| General subdivision |
Political aspects. |
| 650 #0 - SUBJECT ADDED ENTRY--TOPICAL TERM |
| Topical term or geographic name as entry element |
Architecture and society |
| General subdivision |
History |
| Chronological subdivision |
20th century. |
| 942 ## - ADDED ENTRY ELEMENTS (KOHA) |
| Source of classification or shelving scheme |
|